[Event "Politiken Cup 36th"]
[Site "Helsingor"]
[Date "2014.07.23"]
[Round "4"]
[White "Rydstrom, Tom"]
[Black "Frisk, Hans"]
[Result "0-1"]
[WhiteElo "2234"]
[BlackElo "2042"]
[PlyCount "116"]
[EventDate "2014.07.21"]
[EventType "swiss"]
[EventRounds "10"]
[EventCountry "DEN"]
[SourceTitle "CBM 161 Extra"]
[Source "ChessBase"]
[SourceDate "2014.08.29"]
[SourceVersion "1"]
[SourceVersionDate "2014.08.29"]
[SourceQuality "1"]

1. e4 e5 2. Nf3 Nf6 3. Nc3 Nc6 4. Bb5 Bd6 5. 0-0 0-0 6. d4 Nxd4 7. Nxd4 exd4 8. Qxd4 Qe7 9. h3 c6 10. Be2 Be5 11. Qe3 Bxc3 12. Qxc3 Nxe4 13. Qe3 Re8 14. Re1 Qc5 15. Bd3 Qxe3 16. Bxe3 d5 17. f3 Nf6 18. g4 Bd7 19. a4 b6 20. b4 h6 21. h4 Nh7 22. g5 hxg5 23. hxg5 d4 24. Bf4 Nf8 25. Be4 Ne6 26. Bd2 Nc7 27. Kf2 Nd5 28. Rh1 f5 29. gxf6 Nxf6 30. Bg6 Re7 31. Rh4 Be8 32. Rah1 Bxg6 33. Rh8+ Kf7 34. Rxa8 Bxc2 35. a5 Nd5 36. Re1 Rc7 37. Ree8 Bd3 38. Rec8 Rxc8 39. Rxc8 Bb5 40. Ra8 a6 41. Ra7+ Kf6 42. axb6 Nxb6 43. Bf4 Kf5 44. Rf7+ Kg6 45. Rb7 Nd5 46. Bd2 Kf6 47. f4 g6 48. Kf3 Kf5 49. Rf7+ Nf6 50. Bc1 Ke6 51. Rg7 Kf5 52. Bb2 Nh5 53. Rd7 d3 54. Rf7+ Ke6 55. Rf8 Ke7 56. Rh8 d2 57. Bf6+ Nxf6 58. Rh1 Ba4 0-1

[Event "DEN 75th Ann"]
[Site "Copenhagen"]
[Date "2010.02.20"]
[Round "9"]
[White "Huguet, Solidat"]
[Black "Frisk, Hans"]
[Result "1-0"]
[WhiteElo "2138"]
[BlackElo "2022"]
[PlyCount "80"]
[EventDate "2010.02.15"]
[EventType "swiss"]
[EventRounds "9"]
[EventCountry "DEN"]
[SourceTitle "CBM 134 Extra"]
[Source "ChessBase"]
[SourceDate "2010.03.03"]
[SourceVersion "1"]
[SourceVersionDate "2010.03.03"]
[SourceQuality "1"]

1. e4 e5 2. Nf3 Nc6 3. d4 exd4 4. Nxd4 Bb4+ 5. c3 Bc5 6. Be3 Bb6 7. Bc4 Nge7 8. 0-0 0-0 9. Nd2 Nxd4 10. Bxd4 Bxd4 11. cxd4 d5 12. Bd3 dxe4 13. Nxe4 Qxd4 14. Ng5 Bf5 15. Bxf5 Nxf5 16. Qh5 Qh4 17. Qxh4 Nxh4 18. g3 Nf5 19. Rac1 c6 20. Rc5 Nd4 21. Rd1 Rad8 22. Kg2 h6 23. Ne4 f5 24. Nc3 f4 25. Rc4 f3+ 26. Kh3 Ne2 27. Rxd8 Rxd8 28. Ne4 g5 29. Kg4 Nd4 30. Ra4 a6 31. h4 gxh4 32. gxh4 Kf7 33. Kf4 Rf8 34. Rxd4 Ke6+ 35. Ke3 Ke5 36. Rd7 b5 37. Rh7 a5 38. Rxh6 c5 39. Rh5+ Ke6 40. Rxc5 Rh8 1-0

[Event "DEN 75th Ann"]
[Site "Copenhagen"]
[Date "2010.02.17"]
[Round "4"]
[White "Andersen, Daniel"]
[Black "Frisk, Hans"]
[Result "1/2-1/2"]
[WhiteElo "2024"]
[BlackElo "2022"]
[PlyCount "156"]
[EventDate "2010.02.15"]
[EventType "swiss"]
[EventRounds "9"]
[EventCountry "DEN"]
[SourceTitle "CBM 134 Extra"]
[Source "ChessBase"]
[SourceDate "2010.03.03"]
[SourceVersion "1"]
[SourceVersionDate "2010.03.03"]
[SourceQuality "1"]

1. c4 e5 2. Nc3 Nc6 3. Nf3 Nf6 4. g3 Bc5 5. Bg2 d6 6. a3 a6 7. 0-0 0-0 8. b4 Ba7 9. Bb2 Be6 10. d3 h6 11. h3 Nh5 12. e3 f5 13. Ne2 Qe8 14. Rc1 Qf7 15. Qc2 Rae8 16. d4 exd4 17. Nfxd4 Nxd4 18. Bxd4 Bxd4 19. Nxd4 Bc8 20. Bd5 Be6 21. Nxe6 Rxe6 22. Bxe6 Qxe6 23. Qd3 Nf6 24. Qd4 Kh8 25. Kg2 Ne4 26. Rfd1 Qg6 27. Rf1 Qg5 28. c5 dxc5 29. bxc5 Qg6 30. Kh2 Qh5 31. Qd1 Qg6 32. Qf3 Nd2 33. Qxb7 Nxf1+ 34. Rxf1 f4 35. exf4 Qd3 36. Kg1 Rf7 37. Qc8+ Kh7 38. Qe6 Rf6 39. Qe3 Qd5 40. Qe5 Qf3 41. Re1 Qxa3 42. Qxc7 Qf3 43. Qe5 Qc6 44. Qe4+ Kg8 45. Qxc6 Rxc6 46. Re5 a5 47. Kg2 Kf7 48. Kf3 a4 49. Re4 Rxc5 50. Rxa4 h5 51. Re4 Rc2 52. g4 hxg4+ 53. hxg4 g6 54. g5 Ra2 55. Rb4 Ra5 56. Rb7+ Kg8 57. Kg4 Kf8 58. Rb6 Kg7 59. Rf6 Ra4 60. f3 Rb4 61. Kg3 Rb5 62. f5 gxf5 63. Kf4 Rb3 64. Rxf5 Rb4+ 65. Kg3 Kg6 66. Rc5 Kh5 67. Re5 Ra4 68. Rf5 Ra3 69. Re5 Ra4 70. Kf2 Kg6 71. Ke3 Kh5 72. f4 Kg4 73. g6 Ra3+ 74. Ke4 Ra4+ 75. Kd5 Kxf4 76. g7 Ra5+ 77. Kd6 Ra6+ 78. Kd7 Ra7+ 1/2-1/2

[Event "DEN 75th Ann"]
[Site "Copenhagen"]
[Date "2010.02.16"]
[Round "3"]
[White "Andersen, Mads"]
[Black "Frisk, Hans"]
[Result "1-0"]
[WhiteElo "2300"]
[BlackElo "2022"]
[PlyCount "68"]
[EventDate "2010.02.15"]
[EventType "swiss"]
[EventRounds "9"]
[EventCountry "DEN"]
[SourceTitle "CBM 134 Extra"]
[Source "ChessBase"]
[SourceDate "2010.03.03"]
[SourceVersion "1"]
[SourceVersionDate "2010.03.03"]
[SourceQuality "1"]

1. d4 d5 2. c4 dxc4 3. e4 e5 4. Nf3 Bb4+ 5. Nc3 exd4 6. Nxd4 Qe7 7. f3 Nf6 8. Bxc4 0-0 9. Be3 c5 10. Nc2 Bxc3+ 11. bxc3 Nc6 12. 0-0 Ne5 13. Be2 Rd8 14. Qe1 Be6 15. Na3 Ne8 16. Qg3 Nd3 17. Rfd1 Nb2 18. Rdc1 Nd3 19. Rc2 f6 20. Rd1 Ne5 21. Rb1 Nd3 22. Kh1 Bf7 23. Bg1 b6 24. Bf1 Nc7 25. Rd2 Ne5 26. Rxd8+ Rxd8 27. f4 Ng6 28. Re1 Qd7 29. Nc4 Qa4 30. f5 Ne5 31. Nxe5 fxe5 32. Qxe5 Ne8 33. c4 Qc2 34. Qe7 Rd7 1-0

[Event "Baltic Sea Cup"]
[Site "Bornholm"]
[Date "2008.08.06"]
[Round "10"]
[White "Brinck Claussen, Bjorn"]
[Black "Frisk, Hans"]
[Result "1/2-1/2"]
[WhiteElo "2296"]
[BlackElo "2011"]
[PlyCount "22"]
[EventDate "2008.07.29"]
[EventType "swiss"]
[EventRounds "10"]
[EventCountry "DEN"]
[SourceTitle "CBM 125 Extra"]
[Source "ChessBase"]
[SourceDate "2008.09.01"]
[SourceVersion "1"]
[SourceVersionDate "2008.09.01"]
[SourceQuality "1"]

1. e4 e5 2. Nf3 Nc6 3. Bb5 Nd4 4. Nxd4 exd4 5. 0-0 Bc5 6. Bc4 d6 7. d3 c6 8. Qh5 Qe7 9. Nd2 Nf6 10. Qh4 g5 11. Qxg5 Rg8 1/2-1/2

[Event "Baltic Sea Cup"]
[Site "Bornholm"]
[Date "2008.08.05"]
[Round "9"]
[White "Frisk, Hans"]
[Black "Hansen, Mads"]
[Result "1/2-1/2"]
[WhiteElo "2011"]
[BlackElo "2041"]
[PlyCount "52"]
[EventDate "2008.07.29"]
[EventType "swiss"]
[EventRounds "10"]
[EventCountry "DEN"]
[SourceTitle "CBM 125 Extra"]
[Source "ChessBase"]
[SourceDate "2008.09.01"]
[SourceVersion "1"]
[SourceVersionDate "2008.09.01"]
[SourceQuality "1"]

1. d4 Nf6 2. Nc3 d5 3. Bg5 c5 4. Bxf6 gxf6 5. e3 e6 6. Qh5 Qb6 7. 0-0-0 Bd7 8. Nge2 Na6 9. Nf4 cxd4 10. exd4 Rc8 11. Ncxd5 exd5 12. Re1+ Kd8 13. Nxd5 Qc6 14. Nc3 Bb4 15. Bb5 Qd6 16. Bxd7 Qxd7 17. Re3 Bxc3 18. bxc3 Kc7 19. Qf3 Kb8 20. Qxf6 Rhe8 21. Rhe1 Rxe3 22. Rxe3 Nc7 23. Re7 Qb5 24. Qd6 Qf1+ 25. Kb2 Qxf2 26. g4 Qf3 1/2-1/2

[Event "Baltic Sea Cup"]
[Site "Bornholm"]
[Date "2008.08.01"]
[Round "5"]
[White "Welz, Peter"]
[Black "Frisk, Hans"]
[Result "1-0"]
[WhiteElo "2169"]
[BlackElo "2011"]
[PlyCount "78"]
[EventDate "2008.07.29"]
[EventType "swiss"]
[EventRounds "10"]
[EventCountry "DEN"]
[SourceTitle "CBM 125 Extra"]
[Source "ChessBase"]
[SourceDate "2008.09.01"]
[SourceVersion "1"]
[SourceVersionDate "2008.09.01"]
[SourceQuality "1"]

1. e4 e5 2. Nf3 Nc6 3. d4 exd4 4. Nxd4 Bb4+ 5. c3 Bc5 6. Be3 Bb6 7. Nd2 Nge7 8. Nc4 Bxd4 9. Bxd4 Nxd4 10. Qxd4 0-0 11. 0-0-0 Nc6 12. Qd2 b5 13. Ne3 Rb8 14. f4 d6 15. e5 dxe5 16. Qxd8 Rxd8 17. Rxd8+ Nxd8 18. fxe5 Be6 19. c4 Nc6 20. cxb5 Nxe5 21. b3 c6 22. bxc6 Rc8 23. Kb2 Rxc6 24. Bb5 Rb6 25. Rd1 f5 26. Be2 Kf7 27. Rd8 Ke7 28. Ra8 Rb7 29. Rh8 h6 30. g3 Rd7 31. Kc3 Nc6 32. Bd3 Nb4 33. Nxf5+ Bxf5 34. Bxf5 Nxa2+ 35. Kc4 Rc7+ 36. Kd4 Nb4 37. Rc8 Rxc8 38. Bxc8 Kd6 39. Kc4 Nc6 1-0

[Event "Baltic Sea Cup"]
[Site "Bornholm"]
[Date "2008.07.31"]
[Round "4"]
[White "Frisk, Hans"]
[Black "Adolfssen, Rico"]
[Result "1-0"]
[WhiteElo "2011"]
[BlackElo "1933"]
[PlyCount "35"]
[EventDate "2008.07.29"]
[EventType "swiss"]
[EventRounds "10"]
[EventCountry "DEN"]
[SourceTitle "CBM 125 Extra"]
[Source "ChessBase"]
[SourceDate "2008.09.01"]
[SourceVersion "1"]
[SourceVersionDate "2008.09.01"]
[SourceQuality "1"]

1. Nc3 b6 2. e4 Bb7 3. d4 e6 4. Nf3 Nf6 5. Bd3 Bb4 6. Qe2 0-0 7. 0-0 c5 8. e5 Bxc3 9. bxc3 Nd5 10. Qe4 g6 11. Bg5 Qc7 12. Qh4 f5 13. exf6 cxd4 14. c4 Nb4 15. Bh6 Bxf3 16. Bxf8 Nxd3 17. Qh6 d5 18. Be7 1-0

[Event "Baltic Sea Cup"]
[Site "Ronne"]
[Date "2007.08.05"]
[Round "9.35"]
[White "Lillelokken, Kjell Arne"]
[Black "Frisk, Hans"]
[Result "1-0"]
[WhiteElo "1898"]
[BlackElo "2028"]
[PlyCount "41"]
[EventDate "2007.07.30"]
[EventType "swiss"]
[EventRounds "9"]
[EventCountry "DEN"]
[SourceTitle "EXT 2023"]
[Source "ChessBase"]
[SourceDate "2022.10.05"]
[SourceVersion "1"]
[SourceVersionDate "2022.10.05"]
[SourceQuality "1"]

1. f4 e5 2. fxe5 d6 3. exd6 Bxd6 4. Nf3 Nc6 5. e4 Bg4 6. Bb5 Qe7 7. Bxc6+ bxc6 8. d3 0-0-0 9. Nc3 f5 10. Bg5 Nf6 11. Qe2 Rhe8 12. 0-0-0 h6 13. Bd2 Nd7 14. Rhe1 Nc5 15. e5 Qf7 16. d4 Nb7 17. Qa6 Bb4 18. Qxa7 Na5 19. a3 Bxc3 20. Bxc3 Nc4 21. e6 1-0

[Event "Baltic Sea Cup"]
[Site "Ronne"]
[Date "2007.08.03"]
[Round "6.43"]
[White "Frisk, Hans"]
[Black "Grandadam, Patrick"]
[Result "1-0"]
[WhiteElo "2028"]
[BlackElo "1918"]
[PlyCount "49"]
[EventDate "2007.07.30"]
[EventType "swiss"]
[EventRounds "9"]
[EventCountry "DEN"]
[SourceTitle "EXT 2023"]
[Source "ChessBase"]
[SourceDate "2022.10.05"]
[SourceVersion "1"]
[SourceVersionDate "2022.10.05"]
[SourceQuality "1"]

1. Nc3 d5 2. e4 e6 3. Nf3 Nf6 4. e5 Nfd7 5. d4 c5 6. Be3 Nc6 7. dxc5 Ndxe5 8. Nxe5 Nxe5 9. Qd4 Nc6 10. Bb5 f6 11. f4 Bd7 12. Bxc6 bxc6 13. 0-0-0 Qc7 14. Bf2 0-0-0 15. Rhe1 Re8 16. Bg3 e5 17. fxe5 fxe5 18. Bxe5 Bxc5 19. Qxc5 Rxe5 20. Nb5 cxb5 21. Qxc7+ Kxc7 22. Rxe5 Rf8 23. Rexd5 Bg4 24. Re1 a6 25. Rg5 1-0

[Event "Baltic Sea Cup"]
[Site "Ronne"]
[Date "2007.08.02"]
[Round "5.29"]
[White "Christiansen, Jens Jorgen"]
[Black "Frisk, Hans"]
[Result "1-0"]
[WhiteElo "2159"]
[BlackElo "2028"]
[PlyCount "94"]
[EventDate "2007.07.30"]
[EventType "swiss"]
[EventRounds "9"]
[EventCountry "DEN"]
[SourceTitle "EXT 2023"]
[Source "ChessBase"]
[SourceDate "2022.10.05"]
[SourceVersion "1"]
[SourceVersionDate "2022.10.05"]
[SourceQuality "1"]

1. d4 d5 2. c4 dxc4 3. e4 e5 4. Nf3 Bb4+ 5. Bd2 Bxd2+ 6. Nbxd2 exd4 7. Bxc4 Nc6 8. 0-0 Nh6 9. h3 0-0 10. Nb3 Be6 11. Bxe6 fxe6 12. Nbxd4 Nxd4 13. Qxd4 Qxd4 14. Nxd4 Kf7 15. Nb5 a6 16. Nxc7 Rac8 17. Rac1 Rfd8 18. Rc2 Rd7 19. Rfc1 Rd4 20. f3 Ng8 21. a3 Ra4 22. Rc3 Ne7 23. Nd5 exd5 24. Rxc8 Nxc8 25. Rxc8 dxe4 26. Rc7+ Kf6 27. Rxb7 exf3 28. gxf3 h5 29. Kf2 g6 30. Rb6+ Kf5 31. Ke3 Ra5 32. Rb4 Re5+ 33. Re4 Ra5 34. f4 g5 35. fxg5 Kxg5 36. Kd3 Kf5 37. Rh4 Kg5 38. Rd4 Rf5 39. h4+ Kf6 40. Rd6+ Ke5 41. Rxa6 Rf3+ 42. Kc2 Rf2+ 43. Kb3 Rf3+ 44. Ka2 Rf4 45. Ra5+ Kf6 46. Rxh5 Kg6 47. Re5 Rxh4 1-0